Các giải pháp thúc đẩy tăng trưởng kinh tế ở Việt Nam
Trình bày lý thuyết tăng trưởng kinh tế và một số mô hình ở Châu Á. Đề cập đến tình hình tăng trưởng kinh tế của doanh nghiệp và các giải pháp nhằm thúc đẩy tăng trưởng
Đã lưu trong:
| Tác giả chính: | |
|---|---|
| Định dạng: | Sách |
| Năm xuất bản: |
H.
Chính trị Quốc gia
1998
|
| Chủ đề: | |
| Tags: |
Thêm thẻ
Không có thẻ, Hãy là người đầu tiên gắn thẻ bản ghi này!
|
| LEADER | 00899nam a2200181 4500 | ||
|---|---|---|---|
| 082 | |a 338.9 |b C101gi. | ||
| 100 | |a Vũ Đình Bách | ||
| 245 | |a Các giải pháp thúc đẩy tăng trưởng kinh tế ở Việt Nam |c Vũ Đình Bách chủ biên, Nguyễn Văn Công, Nguyễn Văn Định,... | ||
| 260 | |a H. |b Chính trị Quốc gia |c 1998 | ||
| 300 | |a 220 tr. |c 19 cm | ||
| 520 | |a Trình bày lý thuyết tăng trưởng kinh tế và một số mô hình ở Châu Á. Đề cập đến tình hình tăng trưởng kinh tế của doanh nghiệp và các giải pháp nhằm thúc đẩy tăng trưởng | ||
| 653 | |a kinh tế | ||
| 653 | |a Việt Nam | ||
| 653 | |a Châu Á | ||
| 653 | |a tăng trưởng | ||
| 942 | |2 ddc |c SH | ||
| 999 | |c 9703 |d 9703 | ||
| 952 | |0 0 |1 0 |2 ddc |4 0 |6 338_900000000000000_C101GI |7 0 |8 300 |9 76679 |a qbu |b qbu |c D2 |d 2015-05-27 |g 16000 |o 338.9 C101gi. |p 9498.c1 |r 0000-00-00 |w 2015-05-27 |y SH | ||